000 01331cam a2200265 i 4500
003 SA_RiAUC
005 20250615051119.0
008 250604s2005____su f f000 0 ara c
040 _aSA-JeALM
_bara
_cSA-RiAUC
_erda
043 _aa-su---
082 0 4 _a344.53101
_qSA-RiAUC
090 _a344.53101
_bس ع و
110 1 _aالسعودية.
_bوزارة العمل والشؤون الاجتماعية.
_bوكالة التخطيط والتطوير
_eمؤلف.
245 1 2 _aالقواعد المنظمة لعمل المرأة في القطاع الأهلي في المملكة العربية السعودية /
_cوكالة التخطيط والتطوير، وزارة العمل والشؤون الاجتماعية.
264 1 _aالرياض :
_bوزارة العمل والشؤون الاجتماعية،
_c2006
300 _a31 صفحة ؛
_c24 سم
336 _aنص
_btxt
_2rdacontent
_3كتاب
337 _aبدون وسيط
_bn
_2rdamedia
338 _aمجلد
_bnc
_2rdacarrier
650 7 _aالنساء العاملات
_xوضع قانوني، قوانين، إلخ.
_xمطبوعات حكومية
_zالسعودية
_2aucsh
650 7 _aالمطبوعات الحكومية
_2aucsh
651 7 _aالسعودية
_xمطبوعات حكومية
_2aucsh
942 _2ddc
_cBOOK
_n0
949 _aSA-JeALM
_d250604
_uosman123
_n1
999 _c8938
_d8938